| 000 | 004640000a22001810004500 | ||
|---|---|---|---|
| 003 | MACL | ||
| 005 | 20151230152552.0 | ||
| 008 | 151230b xxu||||| |||| 00| 0 eng d | ||
| 040 |
_aMACL _cMACL |
||
| 041 | _aEnglish | ||
| 082 | _a320.1109/SAB | ||
| 100 |
_aSabine, George H _925085 |
||
| 245 | _aA history of political Theory | ||
| 260 |
_bGeorge G Harrap & Co Ltd _c1960 |
||
| 350 | _a25 | ||
| 650 |
_aPolitical Science _925086 |
||
| 942 |
_cBK _k320.011/SAB _2ddc |
||
| 999 |
_c35574 _d35574 |
||